000 01661cam a2200133 4500500
005 20260405085553.0
041 _afre
042 _adc
100 1 0 _aGainot, Bernard
_eauthor
245 0 0 _aL'Empire colonial français : De Richelieu à Napoléon
260 _bArmand Colin,
_c2015.
520 _aQu’est-ce que le premier empire colonial français et comment, sur près de trois siècles, a-t-il évolué ? Depuis la mise en place d’un projet colonial par Richelieu jusqu’aux années 1810, qui voient la prise de contrôle par l’Angleterre des derniers vestiges de possessions françaises fragilisés par l’épisode révolutionnaire, l’ouvrage montre les politiques coloniales à l’œuvre en Amérique du Nord, aux Antilles et dans l’océan Indien. Cette étude présente les acteurs, privés et institutionnels, de cette entreprise coloniale, mais aussi les populations, esclaves et libres cultivateurs, négociants et Habitants, nationaux et autochtones, à l’origine du démarrage véritable de l’outre-mer français, vers le milieu du XVIIIe siècle. Dépassant la simple perspective économiste et l’approche institutionnelle et militaire, l’auteur restitue la multiplicité des points de vue des acteurs et les ambiguïtés des marqueurs culturels entre « créolisation » et signes ostentatoires d’intégration. Cartographie originale, documents et portraits de grandes figures accompagneront le lecteur dans cette découverte de la première vague colonisatrice de la France.
856 4 1 _uhttps://shs.cairn.info/l-empire-colonial-francais-de-richelieu-a-napoleon--9782200354909?lang=fr&redirect-ssocas=7080
999 _c2198631
_d2198631